|
|
|
|
| LEADER |
00000cam a22000004a 4500 |
| 001 |
musev2_55337 |
| 003 |
MdBmJHUP |
| 005 |
20230905045712.0 |
| 006 |
m o d |
| 007 |
cr||||||||nn|n |
| 008 |
980421s1995 sp o 00 0 cat d |
| 010 |
|
|
|z 98141615
|
| 020 |
|
|
|a 9788484097709
|
| 020 |
|
|
|z 9788488645494
|
| 040 |
|
|
|a MdBmJHUP
|c MdBmJHUP
|
| 050 |
0 |
4 |
|a LB14.7
|b .V33 1995
|
| 100 |
1 |
|
|a Valls Plana, Ramón,
|d 1928-
|
| 245 |
1 |
0 |
|a Conceptes per a una filosofia de l'educació pluralista i pacifista. /
|c Ramon Valls.
|
| 264 |
|
1 |
|a Lleida :
|b Universitat de Lleida, Institut de Ciencies de l'Educació,
|c [1995]
|
| 264 |
|
3 |
|a Baltimore, Md. :
|b Project MUSE,
|c 0000
|
| 264 |
|
4 |
|c ©[1995]
|
| 300 |
|
|
|a 1 online resource.
|
| 336 |
|
|
|a text
|b txt
|2 rdacontent
|
| 337 |
|
|
|a computer
|b c
|2 rdamedia
|
| 338 |
|
|
|a online resource
|b cr
|2 rdacarrier
|
| 504 |
|
|
|a Includes bibliographical references (p. 47-54).
|
| 588 |
|
|
|a Description based on print version record.
|
| 650 |
|
0 |
|a Multicultural education.
|
| 650 |
|
0 |
|a Education
|x Philosophy.
|
| 655 |
|
7 |
|a Electronic books.
|2 local
|
| 710 |
2 |
|
|a Project Muse.
|e distributor
|
| 830 |
|
0 |
|a Book collections on Project MUSE.
|
| 856 |
4 |
0 |
|z Texto completo
|u https://projectmuse.uam.elogim.com/book/55337/
|
| 945 |
|
|
|a Project MUSE - Custom Collection
|